Hogwarts Staff Quiz Stats

 Plays Quiz Updated Jan 19, 2017

Support Sporcle.
Go Orange.
Score 0/21 Timer 07:00
3 Plays Today
Subject Teacher % Correct
Potions, Defence Against the Dark Arts (Book 6),Headmaster (Book 7)Severus Snape
98.2%
Care of Magical Creatures, GroundskeeperRubeus Hagrid
97.1%
HeadmasterAlbus Percival Wulfric Brian Dumbledore
92.2%
Defence Against the Dark Arts (Book 3)Remus Lupin
88.1%
Defence Against the Dark Arts (Book 4)Barty Crouch Jr. (posing as 'Mad-Eye' Moody)
85.4%
CaretakerArgus Filch
83.3%
CharmsFilius Flitwick
82.1%
Defence Against the Dark Arts (Book 1)Quirinus Quirrell
81.1%
Defence Against the Dark Arts (Book 2)Gilderoy Lockhart
81%
Defence Against the Dark Arts (Book 5)Dolores Umbridge
79.2%
DivinationSybill Trelawney
78.8%
Subject Teacher % Correct
Transfiguration/Deputy HeadmistressMinerva McGonagall
78.2%
HerbologyPomona Sprout
77.9%
Potions (Books 6 & 7)Horace E. F. Slughorn
72.1%
Flying Teacher, Quidditch refereeRolanda Hooch
71.9%
School NursePoppy Pomfrey
70.9%
History of MagicCuthbert Binns
63.4%
DivinationFirenze
56.1%
Defence Against the Dark Arts (Book 7)*Amycus Carrow
50.9%
Care of Magical Creatures (Temporary)Wilhelmina Grubbly-Plank
50.9%
LibrarianIrma Pince
44.1%

You're not logged in!

Compare scores with friends on all Sporcle quizzes.
OR
Log In
Forgot?

From the Vault

Movie Titles en Español

by LTH

Movies 10m
This could be handy in case you find yourself at a Spanish-only video store.
Remove Ads.
Support Sporcle.
Get the best of Sporcle when you Go Orange. This ad-free experience offers more features, more stats, and more fun while also helping to support Sporcle. Thank you for becoming a member.

Show Comments

Extras

Top Quizzes Today


Score Distribution

Your Account Isn't Verified!

In order to create a playlist on Sporcle, you need to verify the email address you used during registration. Go to your Sporcle Settings to finish the process.

Report this User

Report this user for behavior that violates our Community Guidelines.

Details: